000 00732nam a2200193Ia 4500
008 151121s9999||||xx |||||||||||||| ||und||
082 _a335।4/गाडगी
082 _bHNW-64529
100 _aगाडगीळ गंगाधर
245 _aलोकशाहीची फसवी योजना
260 _b"चिटणीस नागरिक संरक्षण समिति, मुंबई"
260 _c--
300 _a32
600 _aगाडगीळ गंगाधर
630 _aलोकशाहीची फसवी योजना
700 _aगाडगीळ गंगाधर
730 _aलोकशाहीची फसवी योजना
942 _cBOOK
999 _c1246055
_d1246052